00421 2200169 4500001002100000008004100021035002000062245003600082100002000118260002400138300002000162020002200182084001400204082000800218650001000226990001500236INLIS000000000003254 ind  a0010-1225000075 aHome Sweet LoancAlmira Bastari aBastari, Almira aJakarta :bGramedia a312c13,5x20 cm a978-602-06-5804-9 a813 BAS h a813 aFiksi a19729/B/26